Research methods in economic development / (Record no. 104830)

MARC details
000 -LEADER
fixed length control field 00631nam a22002057a 4500
005 - DATE AND TIME OF LATEST TRANSACTION
control field 20161129151720.0
010 ## - LCCN (DPL NO)
LC control number ENG-116701
020 ## - INTERNATIONAL STANDARD BOOK NUMBER
International Standard Book Number 9788184845426
Terms of availability 2080.00
035 ## - SYSTEM CONTROL NUMBER
System control number EN-100233
037 ## - SOURCE OF ACQUISITION
Source of stock number/acquisition DBAD/PUB
082 ## - DEWEY DECIMAL CLASSIFICATION NUMBER
Classification number 338.90072
100 ## - MAIN ENTRY--PERSONAL NAME
Personal name Rais Ahmad
245 ## - TITLE STATEMENT
Title Research methods in economic development /
Statement of responsibility, etc by Rais Ahmad [and] kamran Rais khan
260 ## - PUBLICATION, DISTRIBUTION, ETC. (IMPRINT)
Place of publication, distribution, etc New Delhi
Name of publisher, distributor, etc Regal Publications
Date of publication, distribution, etc 2016
270 ## - ADDRESS
Address F-159 Rajouri Garden
City New Delhi
Postal code 110027
300 ## - PHYSICAL DESCRIPTION
Extent xxi ,470p. :
Dimensions 23cm(Hb)
Other physical details ill
500 ## - GENERAL NOTE
General note Includes index
700 ## - ADDED ENTRY--PERSONAL NAME
Personal name Kamran Rais Khan
942 ## - ADDED ENTRY ELEMENTS (KOHA)
Source of classification or shelving scheme Dewey Decimal Classification
Item type English Books
Classification part 338.90072
Call number suffix RES
Holdings
Withdrawn status Lost status Not for loan Collection code Home library Current library Date acquired Source of acquisition Cost, normal purchase price Full call number Barcode Copy number Cost, replacement price Koha item type
    Not For Loan Non-fiction D.B.Act.Division Bawana 29/11/2016 DBAD/PUB 2080.00 338.90072 RES EN-100233 1 2080.00 English Books

© Delhi Public Library
Hit Counter
free hit counter